| 000 | 00692nam a22001817a 4500 | ||
|---|---|---|---|
| 005 | 20160720111041.0 | ||
| 010 | _aENG-115450 | ||
| 020 |
_a9789385493355 _c299.00 |
||
| 035 | _aEN-98982 | ||
| 037 | _bDBAD/PUB | ||
| 082 | _a940.02 | ||
| 245 |
_aRathore ancient European history for UGC/NET/JRF/SLET/SRF also useful for : IAS/PCS and other competitive examinations / _ceditied by kunwar Ishwar Singh Rathore |
||
| 260 |
_aNew Delhii _bRathore Publishers & Disrtibutors _c2016 |
||
| 270 |
_a202, 2nd Floor 4832/24 Ansari Road,Daryaganj _bNew Delhi _e110002 |
||
| 300 |
_a321p. : _c21cm(pbk) _bill |
||
| 700 | _dRathore,Kunwar Ishwar Singh | ||
| 942 |
_2ddc _cEN _h940.02 _mRAT |
||
| 999 |
_c101344 _d101344 |
||